An Introduction to Fluid Dynamics/ (Record no. 8240)
[ view plain ]
| 000 -LEADER | |
|---|---|
| fixed length control field | 00863 a2200169 4500 |
| 005 - DATE AND TIME OF LATEST TRANSACTION | |
| control field | 20260407105059.0 |
| 008 - FIXED-LENGTH DATA ELEMENTS--GENERAL INFORMATION | |
| fixed length control field | 260407b |||||||| |||| 00| 0 eng d |
| 020 ## - INTERNATIONAL STANDARD BOOK NUMBER | |
| ISBN | 9788185618241 |
| 082 ## - DEWEY DECIMAL CLASSIFICATION NUMBER | |
| Classification number | 532.05 |
| Item number | BatA |
| 100 ## - MAIN ENTRY--AUTHOR NAME | |
| Personal name | Batchelor, George |
| 245 ## - TITLE STATEMENT | |
| Title | An Introduction to Fluid Dynamics/ |
| Statement of responsibility, etc | George Batchelor |
| 260 ## - PUBLICATION, DISTRIBUTION, ETC. (IMPRINT) | |
| Place of publication | New Delhi: |
| Name of publisher | Cambridge, |
| Year of publication | ©1967. |
| 300 ## - PHYSICAL DESCRIPTION | |
| Number of Pages | xviii, 615p. |
| 520 ## - SUMMARY, ETC. | |
| Summary, etc | First published in 1967, Professor Batchelor's classic text on fluid dynamics is still one of the foremost texts in the subject. The careful presentation of the underlying theories of fluids is still timely and applicable, even in these days of almost limitless computer power. This re-issue should ensure that a new generation of graduate students see the elegance of Professor Batchelor's presentation. |
| 650 ## - SUBJECT ADDED ENTRY--TOPICAL TERM | |
| Topical Term | aeronautics-and-astronautics |
| 942 ## - ADDED ENTRY ELEMENTS (KOHA) | |
| Koha item type | Books |
| Withdrawn status | Lost status | Damaged status | Collection code | Home library | Current library | Shelving location | Date acquired | Source of acquisition | Purchase Price | Bill number | Full call number | Accession Number | Copy number | Print Price | Bill Date/Price effective from | Koha item type |
|---|---|---|---|---|---|---|---|---|---|---|---|---|---|---|---|---|
| Mechanical | Indian Institute of Technology Tirupati | Indian Institute of Technology Tirupati | General Stacks | 07/04/2026 | 1121.25 | 9441 | 532.05 BatA (12655) | 12655 | 1 | 1495.00 | 07/04/2026 | Books | ||||
| Mechanical | Indian Institute of Technology Tirupati | Indian Institute of Technology Tirupati | General Stacks | 07/04/2026 | 1121.25 | 9441 | REF 532.05 BatA (12654) | 12654 | 1 | 1495.00 | 07/04/2026 | Books |